<?xml version="1.0" encoding="UTF-8"?><?xml-stylesheet type="text/xsl" href="static/style.xsl"?><OAI-PMH xmlns="http://www.openarchives.org/OAI/2.0/" xmlns:xsi="http://www.w3.org/2001/XMLSchema-instance" xsi:schemaLocation="http://www.openarchives.org/OAI/2.0/ http://www.openarchives.org/OAI/2.0/OAI-PMH.xsd"><responseDate>2026-04-28T21:16:11Z</responseDate><request verb="GetRecord" identifier="oai:uvadoc.uva.es:10324/36766" metadataPrefix="marc">https://uvadoc.uva.es/oai/request</request><GetRecord><record><header><identifier>oai:uvadoc.uva.es:10324/36766</identifier><datestamp>2021-06-18T06:39:56Z</datestamp><setSpec>com_10324_38</setSpec><setSpec>col_10324_787</setSpec></header><metadata><record xmlns="http://www.loc.gov/MARC21/slim" xmlns:doc="http://www.lyncode.com/xoai" xmlns:xsi="http://www.w3.org/2001/XMLSchema-instance" xmlns:dcterms="http://purl.org/dc/terms/" xsi:schemaLocation="http://www.loc.gov/MARC21/slim http://www.loc.gov/standards/marcxml/schema/MARC21slim.xsd">
<leader>00925njm 22002777a 4500</leader>
<datafield tag="042" ind1=" " ind2=" ">
<subfield code="a">dc</subfield>
</datafield>
<datafield tag="720" ind1=" " ind2=" ">
<subfield code="a">Hernaz González, Alberto</subfield>
<subfield code="e">author</subfield>
</datafield>
<datafield tag="260" ind1=" " ind2=" ">
<subfield code="c">2019</subfield>
</datafield>
<datafield tag="520" ind1=" " ind2=" ">
<subfield code="a">Este trabajo tiene como objetivo principal determinar si la versión gratuita de PSCAD es adecuada o no para la realización de estudios referentes a la simulación de los efectos de los armónicos de corriente en los transformadores de potencia. Para ello, se realizaran sendas mediciones sobre los diversos circuitos simulados, comparándolos con cálculos teóricos y entre sí, y así poder ver la concordancia entre estos, introduciéndoles diverso contenido armónico de forma conjunta o individual, sobre cargas resistivas o una combinación resistiva e inductiva. Se observaran resultados en cuanto a efecto sobre los transformadores, concordancia y el tamaño de los circuitos que se pueden implementar. En este sentido, también se pretende observar ciertos efectos sobre el transformador ante unas determinadas cargas y contenido armónico introducido, por si se pudiesen sacar resultados adecuados de cara a futuros estudios</subfield>
</datafield>
<datafield tag="024" ind2=" " ind1="8">
<subfield code="a">http://uvadoc.uva.es/handle/10324/36766</subfield>
</datafield>
<datafield ind1=" " ind2=" " tag="653">
<subfield code="a">PSCAD (Programa de ordenador)</subfield>
</datafield>
<datafield ind1=" " ind2=" " tag="653">
<subfield code="a">Simulación por ordenador</subfield>
</datafield>
<datafield ind1=" " ind2=" " tag="653">
<subfield code="a">Electricidad - Transformadores</subfield>
</datafield>
<datafield tag="245" ind1="0" ind2="0">
<subfield code="a">Simulación de los efectos sobre un transformador eléctrico de potencia del contenido armónico en la corriente</subfield>
</datafield>
</record></metadata></record></GetRecord></OAI-PMH>